| 000 | 00513nam a2200193Ia 4500 | ||
|---|---|---|---|
| 005 | 20250326141023.0 | ||
| 008 | 250326s9999 xx 000 0 und d | ||
| 020 | _a81-85989-26-5 | ||
| 037 | _aTextbook | ||
| 040 |
_aFMSL _beng _cFMSL |
||
| 041 |
_aeng _2eng |
||
| 084 |
_aX:8 N8 _qFMSL |
||
| 100 | _aMoshal B S | ||
| 245 | 0 |
_aManagement: theory and practice _cMoshal B S |
|
| 260 |
_aNew Delhi _bNew Delhi, Galgotia _c1998 |
||
| 300 | _a390p | ||
| 942 |
_cTB _hX:8 N8 |
||
| 999 |
_c1288325 _d1288325 |
||